Vista normal
Vista MARC
Entrada Topical Term
Número de registros utilizados en: 1
001 - CONTROL NUMBER
- control field: 39591
003 - CONTROL NUMBER IDENTIFIER
- control field: OSt
005 - DATE AND TIME OF LATEST TRANSACTION
- control field: 20231102150040.0
008 - FIXED-LENGTH DATA ELEMENTS
- fixed length control field: 190212|| aca||babn | a|a d
040 ## - CATALOGING SOURCE
- Original cataloging agency: OSt
150 14 - HEADING--TOPICAL TERM
- Topical term or geographic name entry element: URGENCIAS PEDIATRICAS